LEADER 00973nam0-22003371i-450- 001 990006740630403321 005 20090319115337.0 010 $a2-13-038240-1 035 $a000674063 035 $aFED01000674063 035 $a(Aleph)000674063FED01 035 $a000674063 100 $a20010426d--------km-y0itay50------ba 101 0 $afre 102 $aFR 105 $ay-------001yy 200 1 $a<>politique extérieure de la Chine popolaire$fFrancois Joyaux 210 $aParis$cPresses Universitaires de France$d1983 215 $a127 p.$d18 cm 225 1 $aQue sais-je?$v2140 676 $a327.51$v21$zita 700 1$aJoyaux,$bFrançois$0410825 801 0$aIT$bUNINA$gRICA$2UNIMARC 901 $aBK 912 $a990006740630403321 952 $aCOLLEZ. 241 (2140)$b26801$fFSPBC 952 $aCollezioni 82 (2140)$b52011*$fFGBC 959 $aFSPBC 959 $aFGBC 996 $aPolitique extérieure de la Chine popolaire$9632622 997 $aUNINA LEADER 01312nam0-2200457---450- 001 990000852950203316 005 20050208100730.0 010 $a88-339-1049-0$d24000 035 $a0085295 035 $aUSA010085295 035 $a(ALEPH)000085295USA01 035 $a0085295 100 $a20020108d1998----||ita|0103 ba 101 $aita 102 $aIT 105 $a|||| ||||| 200 1 $a<> sinistra sociale$eoltre la civiltà del lavoro$fMarco Revelli 210 $aTorino$cBollati Boringhieri$d1998 215 $a236 p.$d20 cm 225 $aTemi$v70 410 1$12001$aTemi$v70 606 0 $aPartiti di sinistra$zSec. 20. 676 $a324.217 700 1$aREVELLI,$bMarco$0128061 801 0$aIT$bsalbc$gISBD 912 $a990000852950203316 951 $aII.5. 923 (VARIE COLL. 823/70)$b138503 LM$cVARIE COLL. 951 $a300 338.945 REV$b7544 DISES 959 $aBK 969 $aUMA 969 $aDISES 979 $aPATTY$b90$c20020108$lUSA01$h1400 979 $c20020403$lUSA01$h1730 979 $aPATRY$b90$c20040406$lUSA01$h1659 979 $aCOPAT4$b90$c20050208$lUSA01$h1007 979 $c20121027$lUSA01$h1546 979 $c20121027$lUSA01$h1559 979 $c20121027$lUSA01$h1610 996 $aSinistra sociale$9498658 997 $aUNISA DEB $aUSA7972